[Event "IECG CN.2002.0.00308 email"]
[Site "IECG email"]
[Date "2002.09.12"]
[Round "?"]
[White "Eyking, Stefan"]
[Black "Antoszewski, Allan"]
[Result "1-0"]
[WhiteElo "800"]
[BlackElo "623"]
[PlyCount "78"]
[EventDate "2002.09.12"]
[EventType "tourn (corr)"]
[EventRounds "6"]
[SourceTitle "Corr 2008"]
[Source "ChessBase"]
[SourceDate "2008.06.24"]
[SourceVersion "1"]
[SourceVersionDate "2008.06.24"]
[SourceQuality "1"]

1. e4 e5 2. Nf3 Nc6 3. Bc4 Nf6 4. d3 Bc5 5. Nc3 d6 6. 0-0 Bg4 7. h3 Bh5 8. g4 Bg6 9. a3 Qd7 10. b4 Bd4 11. Nxd4 exd4 12. Ne2 d5 13. exd5 Nxd5 14. Bxd5 Qxd5 15. Nf4 Qd6 16. Re1+ Ne5 17. Nxg6 hxg6 18. Qe2 0-0-0 19. Qxe5 Qc6 20. Qc5 Qf3 21. Re7 Rd7 22. Rxd7 Kxd7 23. Qxd4+ Kc8 24. Qe3 Qd1+ 25. Kg2 Qxc2 26. Qxa7 Qc6+ 27. f3 Re8 28. Be3 Qc2+ 29. Bf2 Re2 30. Rf1 Qxd3 31. Qa8+ Kd7 32. Qxb7 f5 33. b5 Re6 34. Rc1 Qd6 35. b6 Ke8 36. bxc7 Kf7 37. c8Q+ Kf6 38. f4 Qxf4 39. Qd8+ Ke5 1-0

[Event "IECG CN.2002.0.00308 email"]
[Site "IECG email"]
[Date "2002.09.12"]
[Round "?"]
[White "Hughes, Chris"]
[Black "Eyking, Stefan"]
[Result "0-1"]
[WhiteElo "865"]
[BlackElo "800"]
[PlyCount "28"]
[EventDate "2002.09.12"]
[EventType "tourn (corr)"]
[EventRounds "6"]
[SourceTitle "Corr 2008"]
[Source "ChessBase"]
[SourceDate "2008.06.24"]
[SourceVersion "1"]
[SourceVersionDate "2008.06.24"]
[SourceQuality "1"]

1. d4 Nf6 2. c4 g6 3. g3 Bg7 4. Bg2 0-0 5. Nc3 d6 6. Nf3 Nc6 7. 0-0 a6 8. d5 Na5 9. Nd2 c5 10. Qc2 Rb8 11. b3 b5 12. Bb2 Re8 13. Nce4 Nxe4 14. Bxg7 Nxd2 0-1

[Event "IECG TG.2002.0.14619"]
[Site "IECG email"]
[Date "2002.??.??"]
[Round "1"]
[White "Kriger, Julio"]
[Black "Eyking, Stefan"]
[Result "0-1"]
[WhiteElo "800"]
[BlackElo "800"]
[PlyCount "44"]
[EventDate "2002.??.??"]
[EventType "match (corr)"]
[EventRounds "2"]
[SourceTitle "Corr 2008"]
[Source "ChessBase"]
[SourceDate "2008.06.24"]
[SourceVersion "1"]
[SourceVersionDate "2008.06.24"]
[SourceQuality "1"]

1. e4 e5 2. d3 Nc6 3. Be2 Nf6 4. Bg5 h6 5. Bxf6 Qxf6 6. Nf3 Bb4+ 7. c3 Be7 8. 0-0 d6 9. Na3 0-0 10. Nb5 Bd8 11. d4 a6 12. Na3 exd4 13. Nxd4 Nxd4 14. cxd4 c5 15. d5 Qxb2 16. Nc4 Qf6 17. Rb1 b5 18. Ne3 Re8 19. f3 c4 20. a4 Bb6 21. Qd2 Qf4 22. Kf2 Rxe4 0-1